| 000 | 01296nam a2200265Ia 4500 | ||
|---|---|---|---|
| 001 | 18190 | ||
| 003 | GE_BSU | ||
| 008 | 181216s||||||||xx |||||||||||||| ||und|| | ||
| 020 | _a978-99940-25-53-4 | ||
| 040 | _cGE_BSU | ||
| 080 | _a811.353.1(042.4) | ||
| 100 | _aმეგრელაძე, ციალა | ||
| 245 | _aზეპირმეტყველების, კითხვის, წერის, გაგების სტრატეგიები | ||
| 245 | _bქართული ენისა და ლიტერატურის სწავლება/სწავლის მაგალითზე. (სალექციო კურსი) | ||
| 245 | _cრედ.: რამაზ ხალვაში და სხვ. | ||
| 250 | _aშოთა რუსთაველის სახ. უნ-ტი. | ||
| 260 | _aბათუმი | ||
| 260 | _bშოთა რუსთაველის სახელმწ. უნ-ტი | ||
| 260 | _c2009 | ||
| 300 | _a158გვ. : სქ. ; 29სმ. | ||
| 541 | _h10ლ. | ||
| 653 | _aზეპირმეტყველების, კითხვის, წერის, გაგების სტრატეგიები | ||
| 653 | _aქართული ენა | ||
| 942 | _cBK | ||
| 999 |
_c51230 _d51230 |
||